000 01335nam a2200397 i 4500
001 41517
003 KOSZ 005
005 20200602144224.0
008 011010s2001 pl f f |000 0 pol d
020 _a8321341705
040 _cKOSZ 005
_aKOSZ 005
_dKOSZ 005/HR
046 _k2001
080 _a624.012.45-045.43
080 _a(075.8)
100 1 _aŁapko, Andrzej
_d(1949-2015)
_eAutor
245 1 0 _aProjektowanie konstrukcji żelbetowych :
_bwg Eurokodu 2 i PN-B-03264:1999 /
_cAndrzej Łapko.
250 _aWyd.1, dodr.
260 _aWarszawa :
_b"Arkady",
_c2001.
300 _a552 s. :
_bfot., rys., wykr. ;
_c24 cm.
336 _2rdacontent
_aTekst
_btxt
337 _2rdamedia
_aBez urządzenia pośredniczącego
_bn
338 _2rdacarrier
_aWolumin
_bnc
380 _aKsiążki
380 _aPublikacje dydaktyczne
385 _mPoziom nauczania
_aSzkoły wyższe
388 _a2001-
504 _aBibliogr. s.547-552.
650 4 _aKonstrukcje żelbetowe
650 4 _aProjektowanie
650 4 _aEurokody
655 4 _aPodręczniki akademickie
658 _aArchitektura i budownictwo
710 2 _aWydawnictwo Arkady
_4pbl.
856 _uhttp://koha.tu.koszalin.pl/cgi-bin/koha/opac-detail.pl?biblionumber=41517
_yKatalog online BPK
942 _cKS
_2UKD
999 _c41517
_d41517